LEADER 01192nam a2200253 a 4500 001 000000144653 003 CaOOAMICUS 005 20150707112913.0 008 150707s1982 it u000 u ita r 040 $aPUL$bita 100 1 $aBraido, Pietro.$0(OLS)http://pul/name/5416 245 10$aMomenti di storia della catechesi e del catechismo dal Concilio di Trento al Concilio Vaticano I /$cPietro Braido. 260 $aRoma :$b[s.n.],$c1982. 300 $a282 p. ;$c24 cm 500 $aIn testa al front.: Università Pontificia Salesiana. Facoltà di Scienze dell'Educazione. 504 $aIncluse note bibliografiche. 650 4$aCatechesi$xStoria.$0(OLS)http://pul/subject/20999 710 2 $aPontificia Università Salesiana.$bFacoltà di scienze dell'educazione.$0(OLS)http://pul/name/13047 850 $aPUL 852 $aPUL$W1$xDP1 Fondo S. Lanza$y121$m3 H 99$j166989$qFondi$B167578$CPULBib$Z2$F167578 $HLan2041 $82 941 1 $a1 996 $6245$aMomenti di storia della catechesi e del catechismo dal Concilio di Trento al Concilio Vaticano I$9(OLS)http://pul/title/182986 996 $6260$aRoma :$b[s.n.]$9(OLS)http://pul/publisher/47958 LEADER 01220nam a2200277 u 4500 001 000000081478 003 CaOOAMICUS 005 20070226123747.0 008 050323s1928 it u000 u ita u 035 $a11035729 040 $aPUL(R)$bita 041 0 $aita$hlat 100 1 $aSeneca, Lucius Annaeus,$d5/4 a.C.-65 d.C.$0(OLS)http://pul/name/4401 240 10$aEpistulae ad Lucilium$9(Seneca, Lucius Annaeus, 5/4 a.C.-65 d.C.).$0(OLS)http://pul/title/36731 245 13$aIl Libro della Morte :$bvolgarizzamento trecentesco /$cL. A. Seneca ; con prefazione di Arrigo Levasti. 260 $aLanciano :$bCarabba,$c1928. 300 $a133 p. ;$c19 cm 490 1 $aCultura dell'anima ;$v54 700 1 $aLevasti, Arrigo,$d1886-1973.$0(OLS)http://pul/name/16507 830 0$aCultura dell'anima (Carabba) ;$v54.$0(OLS)http://pul/title/12231 850 $aPUL 852 $aPUL$W1$xDP1 Fondo Cecchetti$y53$m260 N 89$j103920$nBK-PRI$b $qFondi$B103920$CPULBib$Z2$F103920 $82 900 $aSeneca, Lucio Anneo,$d5/4 a.C.-65 d.C.$94401 941 1 $a1 996 $6245$aIl Libro della Morte :$bvolgarizzamento trecentesco$9(OLS)http://pul/title/106564 996 $6260$aLanciano :$bCarabba$9(OLS)http://pul/publisher/51250